[Event "Biel MTO op"]
[Site "Biel"]
[Date "1999.07.20"]
[Round "1"]
[White "Tyomkin, Dimitri"]
[Black "Li, Li"]
[Result "1-0"]
[WhiteElo "2495"]
[BlackElo "2244"]
[PlyCount "69"]
[EventDate "1999.07.??"]
[EventType "swiss"]
[EventRounds "11"]
[EventCountry "SUI"]
[SourceTitle "EXT 2000"]
[Source "ChessBase"]
[SourceDate "1999.11.16"]
[SourceVersion "1"]
[SourceVersionDate "1999.11.16"]
[SourceQuality "1"]

1. d4 Nf6 2. c4 g6 3. Nc3 d5 4. cxd5 Nxd5 5. e4 Nxc3 6. bxc3 Bg7 7. Bb5+ c6 8. Ba4 0-0 9. Ne2 c5 10. 0-0 cxd4 11. cxd4 Bg4 12. f3 Bd7 13. Rb1 Qe8 14. Bc2 Bb5 15. Rf2 Qd7 16. Be3 Rd8 17. d5 Bc4 18. Bb3 Bxe2 19. Rxe2 b5 20. Rc1 a5 21. a4 b4 22. Bb6 Rc8 23. e5 Na6 24. e6 fxe6 25. Rxc8+ Rxc8 26. Rxe6 Kh8 27. d6 exd6 28. Rxd6 Qe7 29. Bd4 Re8 30. Bxg7+ Qxg7 31. Rxa6 Qc3 32. Kf1 Qe5 33. Rd6 Qxh2 34. Qd4+ Qe5 35. Qxe5+ 1-0